| 000 | 00659nam a2200205 4500 | ||
|---|---|---|---|
| 005 | 20240709152821.0 | ||
| 010 | _aENG-140868 | ||
| 020 |
_a9788179308974 _c305.00 |
||
| 035 | _aEN-124400 | ||
| 037 | _bSpectrum Books (P) Ltd. | ||
| 082 | _a954 | ||
| 100 |
_aKumar, Ajit _968330 |
||
| 245 |
_aHistory of Ancient India/ _cby Ajit Kumar |
||
| 250 | _a2 | ||
| 260 |
_aNew Delhi _bTulika Books _c2024 |
||
| 270 |
_aA1 291, First Floor, Janakpuri _bNew Delhi _e110058 _k01125507922 _k9958327924 _minfo@spectrumbooks.in |
||
| 300 |
_avii, 362p. _c24cm(pb) |
||
| 500 | _aFor Civil Services Preliminary Examinations | ||
| 942 |
_2ddc _cEN _h954 _mAJI |
||
| 999 |
_c204082 _d204082 |
||